-
Cumbre de Presidentes de Cortes Supremas y Tribunales de Justicia (7º : San José, Costa Rica)
Entrada Nombre de reunión
Número de registros utilizados en: 2
001 - NÚMERO DE CONTROL
003 - IDENTIFICADOR DEL NÚMERO DE CONTROL
- campo de control:
DR-UNIBE
005 - FECHA Y HORA DE LA ÚLTIMA TRANSACCIÓN
- campo de control:
20260427130740.0
008 - DATOS DE LONGITUD FIJA
- campo de control de longitud fija:
260427|| aca||aabn | a|a d
040 ## - FUENTE DE LA CATALOGACIÓN
- Centro catalogador/agencia de origen:
DR-UNIBE
- Centro/agencia transcriptor:
DR-UNIBE
111 ## - ENCABEZAMIENTO--NOMBRE DE CONGRESO/REUNIÓN
- Nombre de congreso/reunión o jurisdicción como elemento de entrada:
Cumbre de Presidentes de Cortes Supremas y Tribunales de Justicia (7º : San José, Costa Rica)
670 ## - FUENTE DE DATOS ENCONTRADOS
- Cita de la fuente:
Work cat.: (DR-UNIBE)114603: Cumbre de Presidentes de Cortes Supremas y Tribunales de Justicia (7º : San José, Costa Rica), Acceso de las mujeres a la justicia , 2008